Регионална библиотека "Любен Каравелов" - Русе

Отвъд залеза (Запис номер 12577)

MARC детайли
000 -Лидер
Контролно поле с фиксирана дължина 01485nam a2200349 c 4500
003 - Код на организацията, давaща контролен номер
Контролно поле BLK
005 - Дата и час на последна редакция
Контролно поле 20240207005335.0
008 - Елементи от данни с фиксирана дължина
fixed length control field 180412b bul|||||r ||||||| ||bul||
010 ## - Наследен системен номер
LC control number KNG00014186000
020 ## - Международен стандартен номер на книга ISBN
Международен стандартен номер на книга ISBN 954-706-012-0
-- издат.: Коломбина
040 ## - Източник на каталожния запис
Идентификатор на билиотеката - собственик на записа BLK
041 ## - Код за език
Код за езика на текст/звукозапис или на отделно заглавие Български
Код за езика КДБФ Български
080 ## - УДК
Текстов определител УДК Американска литература (на САЩ)
УДК код - определител по УДК 821.111(73)
УДК определител -31
УДК - код + определител 821.111(73)-31
100 1# - Редна дума - Автор
Автор Ериксън, Лин
Авторска отговорност първи автор
Автор - информация (биография) Пелтънън, Карла и Моли Суонтън
R(LIN) 245298
139 ## - Редно поле
Редна дума Ериксън, Лин
Авторски знак Ери - Е 77
245 10 - Сведения за заглавието
Заглавие Отвъд залеза
Подзаглавни данни Роман
Редно поле (дума) Лин Ериксън; прев. Емилия Масларова.
257 ## - Страна на издаване
Страна на създаване/издаване Съединени американски щати
260 ## - Област на издателските данни
-- София
Име на издателя, разпространителя и проч. Коломбина
Година на издаване 1996
300 ## - Физическа характеристика
Страници 222 с.
Размери/Мащаб 20 см
380 ## - Жанр
Жанр Худож. лит.
490 1# - СЕРИИ (Колекции)
Име на серия Harlequin
490 1# - СЕРИИ (Колекции)
-- Подсерия
Име на серия Супер романс
№: серия 1
500 ## - Общи забележки
Забележка Ориг. загл. West of the Sun / Lynn Erikson. - Лин Ериксън - колективен псевд. на Моли Суонтън и Карла Пелтънън. - 3 000 тир.
653 ## - Ключова дума – ненормативна
Ключова дума романтична проза
700 ## - Други автори (авторска отговорност)
Лично име Масларова, Емилия Любенова
Дати, свързани с автора 1956-
9 (RLIN) 363911
852 ## - Местоположение
Форматна сигнатура Цб 190295
856 4# - Електронен адрес и достъп
Електронен формат pdf - файл
Път до файла /url/
856 4# - Електронен адрес и достъп
Електронен формат pdf - файл
Път до файла /url/
942 ## - АРТИКУЛИ
Вид на библиотечния материал Книги
Скрит в OPAC Не
944 ## - СЪЗДАВАНЕ И РЕДАКЦИЯ на ЗАПИСА
Създаване/Редакция Създаване
Дата на регистрацията/редакция 15.01.2003
Статус, дата на статуса CRON CRON
Служител, извършил регистрацията/редакцията
944 ## - СЪЗДАВАНЕ И РЕДАКЦИЯ на ЗАПИСА
Създаване/Редакция Редакция
Дата на регистрацията/редакция 28.06.2016
Статус, дата на статуса ф /
Служител, извършил регистрацията/редакцията Людмила_Стоянова
999 ## - СИСТЕМНИ КОНТРОЛНИ НОМЕРА
Koha biblionumber 12577
Koha biblioitemnumber 12577
Наличности
Код за отписване Код за изгубен артикул Източник на класификационната схема Код за повреда Коз за рестрикции Код за отдаване Артикулен № Име на библиотеката - собственик Име на библиотеката, в която се намира в момента Статус (Текущо местоположение) Дата на вписване в системата Местоположение - отдел Цена в лева Инвентарен номер Систематично азбучна сигнатура Баркод Номер на екземпляра Цена в евро Служебна бележка Служебен тип на артикула
  Не е изгубен Universal Decimal Classification Не е повреден без рестрикции ползва се в читалня 21721 Регионална библиотека "Любен Каравелов" Русе Регионална библиотека "Любен Каравелов" Русе Хранилище 2001-01-01 Хранилище 1.17 626686 Цб 190295 120000626686 1 0.60 Дост: Dp Вид: Д N: стар фонд Дата: 01.01.1996 Книги
Изтеглен Не е изгубен   Не е повреден без рестрикции заемане за дома 21722 Регионална библиотека "Любен Каравелов" Русе Регионална библиотека "Любен Каравелов" Русе Заемна - подръчен фонд 2016-02-25 Заемна - подръчен фонд 9.00 120000798266 П 820(73)-31/Е 77 120000798266 2 4.60 Дост: DA Вид: А N: 8 Дата: 25.02.2016 Книги
Vip Innovations Ltd, Rousse, Bulgaria 2025